00742nam a2200229Ia 4500008004100000020001800041050001700059050001300076245005200089245005600141260002300197260002000220260000900240300002300249300002100272300001100293500004600304650004500350650004900395700003100444700003700475160319s9999 xx 000 0 und d a9789712723780 aFil 499.211  bE78 2010 aEssays on Philippine language and literature /  cRuth Elynia S. Mabanglo, Rosita G. Galang, editors. aMandaluyong City : bAnvil Pub. Inc. c2010 axxii, 302 pages :  billustrations ;  c23 cm. aIn English, and some articles in Tagalog. aFilipino language -- Study and teaching. aPhilippine literature -- Study and teaching. aGalang, Rosita G., editor. aMabanglo, Ruth Elynia S., editor